Numéro des arrondissements de Paris à partir de leurs noms - Statistiques

Statistiques générales
  • Ce quiz a été pris 107 fois
  • Le résultat moyen est 11 sur 20
Statistiques - réponses
Hint Réponse % Correct
Butte-Montmartre 18
83%
Louvre 1
80%
Hôtel-de-Ville 4
72%
Gobelins 13
69%
Buttes-Chaumont 19
69%
Luxembourg 6
67%
Panthéon 5
63%
Reuilly 12
56%
Bourse 2
56%
Élysée 8
56%
Opéra 9
56%
Batignolles-Monceau 17
54%
Vaugirard 15
52%
Passy 16
52%
Temple 3
52%
Ménilmontant 20
50%
Palais-Bourbon 7
44%
Observatoire 14
35%
Popincourt 11
33%
Entrepôt 10
24%
Aucun quiz correspondant
Distribution des résultats
% des personnes avec chaque résultat
Percentile par nombre de réponses
Votre historique - résultats
Vous n’avez pas pris ce quiz